`Post-confucianism', social democracy and economic culture (Record no. 26853)

000 -LEADER
fixed length control field 00530pab a2200181 454500
008 - FIXED-LENGTH DATA ELEMENTS--GENERAL INFORMATION
fixed length control field 180718b xxu||||| |||| 00| 0 eng d
100 ## - MAIN ENTRY--PERSONAL NAME
Personal name Clegg Steward R.
245 ## - TITLE STATEMENT
Title `Post-confucianism', social democracy and economic culture
362 ## - DATES OF PUBLICATION AND/OR SEQUENTIAL DESIGNATION
Dates of publication and/or sequential designation 14(1), Apr 1993, P.1-52
650 ## - SUBJECT ADDED ENTRY--TOPICAL TERM
Topical term or geographic name entry element Capitalism
650 ## - SUBJECT ADDED ENTRY--TOPICAL TERM
Topical term or geographic name entry element Personnel Employee Representation
650 ## - SUBJECT ADDED ENTRY--TOPICAL TERM
Topical term or geographic name entry element Industrial Democracy
650 ## - SUBJECT ADDED ENTRY--TOPICAL TERM
Topical term or geographic name entry element Labour Relations
700 ## - ADDED ENTRY--PERSONAL NAME
Personal name Spybey Tony
700 ## - ADDED ENTRY--PERSONAL NAME
Personal name Higgins Winton
773 ## - HOST ITEM ENTRY
Main entry heading Guru Nanak Journal of Sociology
909 ## -
-- 26853
Holdings
Withdrawn status Lost status Damaged status Not for loan Permanent Location Current Location Date acquired Barcode Date last seen Price effective from Koha item type
        Indian Institute of Public Administration Indian Institute of Public Administration 2018-07-19 AR26955 2018-07-19 2018-07-19 Articles

Powered by Koha